00182nam a2200061Ia 4500008004100000100001800041245006100059120527s9999 xx 000 0 und d aBARTON, David aThe strand an ox drawn cultivator for small farm systems